| 000 | 01056cam a2200277 a 4500 | ||
|---|---|---|---|
| 001 | u14459 | ||
| 003 | SIRSI | ||
| 005 | 20180220093738.0 | ||
| 008 | 971027s1997 nyua b 001 0 eng d | ||
| 020 | _a0824700546 (alk. paper : hardcover) | ||
| 039 | 9 |
_a200401101056 _bnehal _y200203190948 _zload |
|
| 040 | _aEAL | ||
| 050 |
_aS593 _bS64 1997 |
||
| 245 | 0 | 0 |
_aSoil and plant analysis in sustainable agriculture and environment / _cedited by Teresa M. Hood and J. Benton Jones, Jr. |
| 260 |
_aNew York : _bMarcel Dekker, _c1997. |
||
| 300 |
_axi, 846 p. : _bill. ; _c25 cm. |
||
| 440 | 0 | _aBooks in soils, plants, and the environment | |
| 500 | _a"Originally published as communications in soil science and plant analysis, 1996, volume 27, nos. 3 to 8"-- T.p. verso. | ||
| 504 | _aIncludes bibliographical references and index. | ||
| 596 | _a1 | ||
| 650 | 0 |
_aSoils _xAnalysis _vCongresses. |
|
| 650 | 0 |
_aLeaves _xAnalysis _vCongresses. |
|
| 700 | 1 | 0 | _aHood, Teresa M. |
| 700 | 1 | 0 | _aJones, J. Benton. |
| 942 |
_cBK _2lcc |
||
| 999 |
_c22739 _d22739 |
||